000 00506nam a2200169Ia 4500
999 _c20941
_d20941
003 OSt
005 20200615145944.0
008 190216s9999||||xx |||||||||||||| ||und||
020 _a9780521000253
040 _coclc
082 _a306.0938
_bNEV/H
100 _aNevett, Lisa C
_92927
245 0 _aHouse And Society In The Ancient Greek World /
_cLisa C Nevett
260 _bCambridge Uty Press,
_c2001.
_aUK:
300 _a220p
942 _cBK
_2ddc
_h306.0938
_iNEV/H
_k306.0938
_mNEV/H